000 02716cam a22005054i 4500
003 PE-LiUPU
005 20250731173141.0
008 150623s1910 ag a r 000 0 spa d
035 _a(Sirsi) a27455
040 _aPE-LiUPU
_bspa
_cPE-LiUPU
_erda
049 _aPRUA
082 0 4 _a266.673
_bS78e
_221
100 1 _aStahl, Fernando A.,
_eautor.
245 1 0 _aEn el país de los Incas /
_cFernando A. Stahl.
264 1 _aBuenos Aires :
_bCasa Editora Sudamericana,
_c[1910]
300 _a287 páginas :
_bilustraciones ;
_c19 centímetros
336 _atext
_2rdacontent
337 _aunmediated
_2rdamedia
338 _avolume
_2rdacarrier
505 0 _aIntroducción -- Sobre el techo del mundo -- Ruinas y tradiciones incaicas -- Un pueblo primitivo -- Una excursión minera y misionera -- Exigencias de los comienzos misioneros -- Una raza oprimida -- Una transformación -- A guisa de estímulo -- Un "cristianismo" que no es cristiano -- Ayuda de lo alto -- En exploración -- Pruebas de aprecio -- La piedra partida -- Un libramiento maravilloso -- Enemigos desarmados -- Los quichuas claman por ayuda -- En frecuentes peligros -- Primeros ensayos entre los chunchos -- Los colaboradores del pastor Stahl -- Progresos recientes.
526 _aSEG42
526 _aSEG41
526 _aSEG40
526 _aSEG39
526 _aP94
526 _aP87
526 _aP86
526 _aP85
526 _aP77
526 _aP76
526 _aP35
650 0 4 _aMisiones.
650 0 4 _aMisioneros.
942 _2ddc
_cBOOK
949 _a266.673 S78e
_wDEWEY
_c1
_i23593
_lCCODEBUL1
_mBUL
_p07.00
_r0
_sY
_tBOOK
_u2015-06-24
_xBIBLIOTECA
_zUNKNOWN
_0COMPRA
_o.STAFF. Colección General
949 _a266.673 S78e
_wDEWEY
_c2
_i23594
_lCCODEBUL1
_mBUL
_p00.00
_r0
_sY
_tBOOK
_u2015-06-24
_xBIBLIOTECA
_zUNKNOWN
_0COMPRA
_o.STAFF. Colección General
949 _a266.673 S78e
_wDEWEY
_c3
_i23595
_lCCODEBUL1
_mBUL
_p00.00
_r0
_sY
_tBOOK
_u2015-06-24
_xBIBLIOTECA
_zUNKNOWN
_0COMPRA
_o.STAFF. Colección General
596 _a1
999 _a266.673 S78E
_wDEWEY
_c34597
_i23593
_f2019-12-11
_g4
_lDISCARD
_mBUL
_p7.00
_r1
_sY
_tBOOK
_u2015-6-24
_xTEOLOGIA
_zUNKNOWN
_0COMPRA
_o.STAFF. Colección General
_d34597
999 _a266.673 S78E
_wDEWEY
_c2
_i23594
_d2015-11-11
_e2015-11-8
_f2021-11-10
_g5
_lCCODEBUL1
_mBUL
_n1
_p10.00
_r0
_sY
_tBOOK
_u2015-6-24
_xTEOLOGIA
_PP35
_0COMPRA
_o.STAFF. Colección Teología
999 _a266.673 S78E
_wDEWEY
_c3
_i23595
_d2019-8-20
_e2019-4-9
_f2019-12-11
_g4
_lDISCARD
_mBUL
_n3
_p10.00
_q4
_r1
_sY
_tBOOK
_u2015-6-24
_xTEOLOGIA
_PP35
_0COMPRA
_o.STAFF. Colección Teología
980 _81
_gALBERTO SANCHEZ Responsable de Automatización